Reformy na Slovensku 2005 hodnotenie ekonomických a sociálnych opatrení

Na minha lista:
Detalhes bibliográficos
Outros Autores: Zachar, Dušan
Formato: Livro
Idioma:eslovaco
Publicado em: Bratislava INEKO - Inštitút pre ekonomické a sociálne reformy 2006
Assuntos:
Tags: Adicionar Tag
Sem tags, seja o primeiro a adicionar uma tag!

MARC

LEADER 00000nam$a2200000$$$4500
001 0052214
005 20240318125806.9
020 |a 80-89026-21-4 
041 0 |a slo 
044 |a SK 
245 1 0 |a Reformy na Slovensku 2005  |b hodnotenie ekonomických a sociálnych opatrení  |c Dušan Zachar (ed.) 
264 1 |a Bratislava  |b INEKO - Inštitút pre ekonomické a sociálne reformy  |c 2006 
300 |a 140 s. 
610 2 0 |a reformy hospodárske 
610 2 0 |a reformy sociálne 
610 2 0 |a politika hospodárska 
610 2 0 |a dane 
610 2 0 |a privatizácia 
610 2 0 |a pomoc štátna 
610 2 0 |a investície 
610 2 0 |a súťaž hospodárska 
610 2 0 |a politika dopravná 
610 2 0 |a politika sociálna 
610 2 0 |a zdravotníctvo 
610 2 0 |a súdnictvo 
610 2 0 |a školstvo 
610 2 0 |a kultúra 
610 2 0 |a Slovensko 
610 2 0 |a Európska únia 
610 2 0 |a 2005 
700 1 |a Zachar, Dušan